| 000 | 00581nam a22001217a 4500 | ||
|---|---|---|---|
| 040 | _cRUA | ||
| 082 | _aLMA MEN 2025 B701 Or.1 | ||
| 100 | _aMENG RAKSMEYKRISTA, ម៉េង រស្មីគ្រិស្តា | ||
| 245 | _aStudy on land value in boeng pompun2 commune, meanchey district, phnom penh city, ការសិក្សាពីតម្លៃដី នៅសង្កាត់បឹងទំពន់២ ខណ្ឌមានជ័យ រាជធានីភ្នំពេញ | ||
| 260 |
_aPHNOM PENH _bRUA _c2025 |
||
| 300 |
_axi,52p. _bill. _c29cm. |
||
| 942 | _cLMA | ||
| 999 |
_c25769 _d25769 |
||